Sports Quiz

Random Sports or Clickable Quiz

Super Bowl Winning Coach-QB Name Mix Quiz Stats

 Plays Quiz not verified by Sporcle

Score 0/36 Timer 05:00
0 Plays Today
% Correct
Bill Brady
94.5%
Bill Roethlisberger
88.9%
Chuck Bradshaw
88%
Barry Aikman
86.8%
Jimmy Aikman
85.5%
Bill Montana
84.3%
Bill Simms
83.7%
John Flacco
83.4%
Mike Rodgers
83.1%
Mike Favre
82.5%
Mike Roethlisberger
80.9%
Mike Elway
80%
Dick Warner
80%
Sean Brees
78.5%
Tom Manning
78.2%
Don Griese
77.8%
Mike McMahon
77.8%
George Montana
77.5%
% Correct
John Stabler
76.9%
Brian Dilfer
76.9%
George Young
76.3%
Gary Manning
75.6%
Pete Wilson
75.1%
Joe Theismann
73.8%
Joe Rypien
73.8%
Doug Foles
73.1%
Vince Starr
72.3%
Hank Dawson
71.4%
Bill Hostetler
70.8%
Tony Manning
69.5%
Don Unitas
68.3%
Tom Staubach
68.3%
Joe Williams
67.1%
Jon Johnson
61.8%
Weeb Namath
57.2%
Tom Plunkett
55.1%

You're not logged in!

Compare scores with friends on all Sporcle quizzes.
Join for Free
OR
Log In

You Might Also Like...

Show Comments

Extras

Top Quizzes Today


Score Distribution

Your Account Isn't Verified!

In order to create a playlist on Sporcle, you need to verify the email address you used during registration. Go to your Sporcle Settings to finish the process.

Report this User

Report this user for behavior that violates our Community Guidelines.

Details: